000 00319nam a2200121Ia 4500
005 20251222143306.0
008 251222s9999||||xx |||||||||||||| ||spa||
020 _a84-89308-72-1
082 _a261.835/C76
245 0 _aLa Familia, Corazón de la Civilización del Amor
264 _bVida y Espiritualidad
942 _cLIB
999 _c15508
_d15508